Précis de chimie; T2 Chimie minérale

保存先:
書誌詳細
第一著者: Raymond Quelet
フォーマット: 図書
言語:Undetermined
出版事項: Paris Presses Univ. de France 1960
主題:
タグ: タグ追加
タグなし, このレコードへの初めてのタグを付けませんか!
Thư viện lưu trữ: Trung tâm Học liệu Trường Đại học Cần Thơ
LEADER 00509nam a2200193Ia 4500
001 CTU_2720
008 210402s9999 xx 000 0 und d
082 |a 540 
082 |b Q3/T2 
100 |a Raymond Quelet 
245 0 |a Précis de chimie; T2 
245 0 |b Chimie minérale 
245 0 |c Raymond Quelet 
260 |a Paris 
260 |b Presses Univ. de France 
260 |c 1960 
650 |a chemistry, inorganic 
904 |i Minh, 960829 
980 |a Trung tâm Học liệu Trường Đại học Cần Thơ